000 00802nam a22002532a 4500
001 23009
003 BD-RjUL
005 20211209000900.0
008 140310s1957 enk 001 0 eng d
035 _a(BD-RjUL)23074
_aOCLC ocm01559382 from D960523M
040 _aDZM
_cDZM
_dUKM
_dEQO
_dBD-RjUL
_beng
041 _aeng
082 0 0 _222
_a915.1
_bMOM 1957
100 1 _aMorris, James,
_d1926-
_910724
245 1 4 _aThe market of Seleukia /
_cJames Morris.
260 _aLondon :
_bFaber and Faber,
_c1957.
300 _a337 p. :
_bill. ;
_c23 cm.
504 _aIncludes index.
651 0 _aMiddle East
_xDescription and travel
_970972
651 0 _aMiddle East
_xPolitics and government
_y1945-
_970973
651 0 _aEgypt
_xHistory
_yIntervention, 1956
_970974
942 _2ddc
_cBK
999 _c23009
_d23009